000 00587nab a2200193 4500
001 244442
003 OSt
005 20241118104046.0
007 tu
008 200917s2020|||||||
040 _aDE-2950
_cDE-2950
245 0 0 _aArzt erfüllt sich Lebenstraum
_bWettkampf. Dr. Steffen Steiner, Mediziner aus Frankfurt, hat am Ironman Hawaii 2024 teilgenommen/
_csep
264 _c2024
653 _aFrankfurt (Oder)
653 _aIronman
653 _aDr. Steffen Steiner
773 0 _g35. Jahrgang (2024) Nr. 261 vom 08.11.2024, S. 16 mit Foto
_tMärkische Oderzeitung
942 _2z
_cA
999 _c373456
_d373456